Emocionálny marketing a jeho využitie v praxi bakalárska práca

Na minha lista:
Detalhes bibliográficos
Autor principal: Pokšivová, Simona
Autor Corporativo: Podnikovohospodárska fakulta EU so sídlom v Košiciach. Katedra obchodného podnikania
Outros Autores: Naščáková, Jana
Formato: Livro
Idioma:eslovaco
Publicado em: Košice 2017
Tags: Adicionar Tag
Sem tags, seja o primeiro a adicionar uma tag!

MARC

LEADER 00000nbm a2200000 4500
001 0231659
005 20171113111155.4
041 0 |a slo 
044 |a SK 
245 1 0 |a Emocionálny marketing a jeho využitie v praxi  |b bakalárska práca  |c Simona Pokšivová ; školiteľ: Jana Naščáková 
264 1 |a Košice  |c 2017 
300 |a 43 s. 
100 1 |a Pokšivová, Simona 
700 1 |a Naščáková, Jana 
710 2 |a Podnikovohospodárska fakulta EU so sídlom v Košiciach. Katedra obchodného podnikania